000
00270nam a2200109Ia 4500
008
191201s2012 xx 000 0 und d
100
_a
GARG, G.D
245
0
_a
Textbook of Welding Technology
260
_c
2012
_b
S. K. Kataria
_a
New Delhi
300
_a
364
942
_2
ddc
_c
BK
999
_c
8146
_d
8146